Ładuje się......

Physics of ferromagnetism

Opis bibliograficzny
1. autor: Chikazumi, Soshin
Format: Printed Book
Wydane: Oxford science Publications 2010
Seria:International series of monographs on physics ; 94
Hasła przedmiotowe:
LEADER 00633nam a2200193 4500
020 |a 9780199564811  |c 5680.80 
082 |a R 538.44 CHI-P 
100 |a Chikazumi, Soshin 
245 |a Physics of ferromagnetism 
250
260 |a Oxford science Publications  |c 2010 
300 |a 655 
490 |a International series of monographs on physics ; 94 
500
590 |a Modern Book Centre  |b MBC-0507/15 dt 02/07/2015  |c 5680.80 
650 |a Ferromagnetism 
942 |c REF 
999 |c 85629  |d 85629 
952 |0 0  |1 0  |4 0  |6 R_538_440000000000000_CHIP  |7 0  |9 99097  |a PHY  |b PHY  |g 5680.80  |l 0  |o R 538.44 CHI-P  |p PHY07287  |r 2019-09-24  |w 2019-09-24  |y REF